000 00255nam a2200109Ia 4500
008 220204s9999 xx 000 0 und d
082 _a943
_bWIN
100 _aWinterbotham, F W
245 0 _aNazi connection
260 _aNew York
_bDell
_c1978
942 _cBK
999 _c35158
_d35158